[Event "ICS rated blitz match"]
[Site "207.99.83.229"]
[Date "1999.07.15"]
[Round "?"]
[White "Hossa"]
[Black "matar"]
[Result "0-1"]
[WhiteElo "2375"]
[BlackElo "2227"]
[PlyCount "134"]
[EventDate "1999.??.??"]

1. d4 d5 2. c4 e6 3. Nc3 c6 4. Nf3 dxc4 5. e4 b5 6. Be2 Bb4 7. O-O Nf6 8. Bg5
h6 9. Bxf6 Qxf6 10. a4 a6 11. axb5 Bxc3 12. bxc3 cxb5 13. Qc2 Bb7 14. Ne5 O-O
15. f4 Qe7 16. f5 exf5 17. exf5 Nd7 18. Nxd7 Qxd7 19. f6 g6 20. Qd2 Kh7 21. Qf4
Rae8 22. Bg4 Qd5 23. Bf3 Qd7 24. Rf2 Bxf3 25. Rxf3 Re2 26. Rxa6 Rfe8 27. Rf2
Re1+ 28. Rf1 R8e4 29. Qg3 Rxf1+ 30. Kxf1 Qf5+ 31. Kg1 Rf4 32. Qe1 Qd3 33. Qc1
Rf5 34. Rd6 b4 35. cxb4 c3 36. Rd7 Rxf6 37. h3 c2 38. Re7 Qxd4+ 39. Kh1 Qxb4
40. Ra7 Qb1 41. Ra1 Qxc1+ 42. Rxc1 Rc6 43. h4 h5 44. Kh2 Kg7 45. Kg3 Rc4 46.
Kf3 Kf6 47. Ke3 Kf5 48. Kd3 Rc7 49. Rxc2 Rxc2 50. Kxc2 Kg4 51. g3 Kxg3 52. Kc3
Kxh4 53. Kc4 Kg3 54. Kd5 h4 55. Ke5 h3 56. Kd5 h2 57. Kd4 h1=Q 58. Kd3 Kf3 59.
Kc4 Qd1 60. Kb4 Ke4 61. Kc3 Qd3+ 62. Kb4 Qc2 63. Kb5 Kd5 64. Ka6 Qb2 65. Ka5
Kc6 66. Ka4 Kc5 67. Ka5 67... Qb5# {Hossa checkmated} 0-1

[Event "ICS rated blitz match"]
[Site "207.99.83.229"]
[Date "1999.07.15"]
[Round "?"]
[White "matar"]
[Black "Hossa"]
[Result "0-1"]
[WhiteElo "2249"]
[BlackElo "2353"]
[PlyCount "48"]
[EventDate "1999.??.??"]

1. e4 Nf6 2. Nc3 d5 3. e5 d4 4. exf6 dxc3 5. fxg7 cxd2+ 6. Bxd2 Bxg7 7. Qh5 Qd4
8. Nf3 Qxb2 9. Rc1 Bc3 10. Bb5+ c6 11. Bc4 Qxc1+ 12. Ke2 Qxh1 13. Qxf7+ Kd8 14.
Bxc3 Re8 15. Qg7 Bf5 16. Nd4 Nd7 17. Nxf5 Qxh2 18. Ne3 Kc7 19. Be6 Rad8 20. Qg5
Qd6 21. Qg4 Rf8 22. Nc4 Qf4 23. Qxf4+ Rxf4 24. Bxd7 24... Rxc4 {matar resigns}
0-1

[Event "ICS rated blitz match"]
[Site "207.99.83.229"]
[Date "1999.07.15"]
[Round "?"]
[White "Hossa"]
[Black "matar"]
[Result "1-0"]
[WhiteElo "2364"]
[BlackElo "2238"]
[PlyCount "77"]
[EventDate "1999.??.??"]

1. d4 d5 2. c4 e6 3. Nc3 c6 4. Nf3 dxc4 5. e4 b5 6. Be2 Bb4 7. O-O Nf6 8. Bg5
h6 9. Bxf6 Qxf6 10. a4 a6 11. axb5 Bxc3 12. bxc3 cxb5 13. Qc2 Bb7 14. Ne5 O-O
15. f4 Qe7 16. f5 exf5 17. exf5 Nd7 18. Nxd7 Qxd7 19. f6 g6 20. Qd2 Kh7 21. Qf4
Rae8 22. Bg4 Qd5 23. Bf3 Qd7 24. Qd2 Bxf3 25. Rxf3 Re6 26. Rh3 h5 27. Rxh5+
gxh5 28. Qg5 Rxf6 29. Qxf6 Qe6 30. Qxe6 fxe6 31. Rxa6 b4 32. cxb4 Rc8 33. Rxe6
c3 34. Re1 c2 35. Rc1 Kg6 36. Kf2 Kf5 37. Ke3 h4 38. Kd3 h3 39. gxh3 {
matar resigns} 1-0

[Event "ICS rated blitz match"]
[Site "207.99.83.229"]
[Date "1999.07.15"]
[Round "?"]
[White "occam"]
[Black "Hossa"]
[Result "1-0"]
[WhiteElo "2342"]
[BlackElo "2374"]
[PlyCount "88"]
[EventDate "1999.??.??"]

1. e4 Nf6 2. e5 Nd5 3. c4 Nb4 4. a3 N4c6 5. d4 d6 6. f4 dxe5 7. d5 Bf5 8. dxc6
Qxd1+ 9. Kxd1 Nxc6 10. fxe5 O-O-O+ 11. Nd2 Nxe5 12. Ngf3 Nxf3 13. gxf3 e5 14.
Rg1 g6 15. b4 Bh6 16. Ke2 Bf4 17. Ne4 Bxh2 18. Rh1 Bf4 19. Bxf4 exf4 20. Rh4
Bxe4 21. fxe4 g5 22. Bh3+ Kb8 23. Rh5 Rd4 24. Bf5 f6 25. c5 a5 26. bxa5 Rc4 27.
Rb1 Ka7 28. Rh6 Rxc5 29. Rxf6 h5 30. Rf7 Rd8 31. Rb2 Re8 32. Kf2 Rh8 33. Be6
Rb8 34. Rf5 Rxf5 35. exf5 Rd8 36. f6 Rf8 37. f7 h4 38. Rb5 g4 39. Rg5 h3 40.
Rg8 h2 41. Kg2 Rxf7 42. Bxf7 g3 43. Bc4 b6 44. Rf8 44... bxa5 {Hossa resigns}
1-0

[Event "ICS rated blitz match"]
[Site "207.99.83.229"]
[Date "1999.07.15"]
[Round "?"]
[White "Hossa"]
[Black "Yeldnuh"]
[Result "0-1"]
[WhiteElo "2357"]
[BlackElo "2073"]
[PlyCount "62"]
[EventDate "1999.??.??"]

1. d4 Nf6 2. c4 e6 3. Nc3 Bb4 4. Bg5 c5 5. e4 Qa5 6. Bxf6 Bxc3+ 7. Ke2 Bxb2 8.
Bxg7 Bxa1 9. Qxa1 Rg8 10. d5 b5 11. cxb5 Qxb5+ 12. Kf3 Qa4 13. Bf6 Ba6 14. Ne2
Bd3 15. Nc3 Qc2 16. Nb5 Bxe4+ 17. Ke3 Kf8 18. dxe6 fxe6 19. Bh8 Rg6 20. Nc7 Nc6
21. f3 d5 22. Qe1 d4+ 23. Kf4 Rc8 24. Nxe6+ Rxe6 25. fxe4 Rce8 26. Kg3 Rg6+ 27.
Kf4 Kg8 28. Bxd4 cxd4 29. Bc4+ Qxc4 30. g4 Qd3 31. Qg3 31... Qxe4# {
Hossa checkmated} 0-1

[Event "ICS rated blitz match"]
[Site "207.99.83.229"]
[Date "1999.07.15"]
[Round "?"]
[White "Yeldnuh"]
[Black "Hossa"]
[Result "1-0"]
[WhiteElo "2167"]
[BlackElo "2349"]
[PlyCount "100"]
[EventDate "1999.??.??"]

1. d4 d5 2. Nf3 Bf5 3. c4 c6 4. Nc3 e6 5. Bg5 Be7 6. Bxe7 Nxe7 7. e3 O-O 8. Nh4
Qb6 9. Nxf5 Nxf5 10. Qc2 dxc4 11. Bxc4 c5 12. dxc5 Qxc5 13. Bd3 Nc6 14. a3 Rad8
15. O-O Kh8 16. b4 Qe5 17. Rad1 Nce7 18. Ne2 Rc8 19. Qa4 a6 20. e4 Nd4 21. Nxd4
Qxd4 22. Bxa6 Qxe4 23. Rfe1 Qf5 24. Bxb7 Rc2 25. Bf3 Ng6 26. Re2 Rxe2 27. Bxe2
Nf4 28. Bf3 Nh3+ 29. Kf1 Ng5 30. Bc6 e5 31. b5 Ne6 32. Bd7 Qf6 33. Qa7 Nd4 34.
a4 Rd8 35. Bg4 Qg5 36. Qc7 Rg8 37. f3 f6 38. Rd3 Qh6 39. Bh3 Qf4 40. g3 Qh6 41.
Kg2 Qg6 42. Qc4 Ra8 43. b6 Qe8 44. b7 Rb8 45. Qc8 Qg8 46. Bd7 g6 47. Rc3 Rxb7
48. Qxb7 Qa2+ 49. Kh3 Qa1 50. Rc8+ 50... Kg7 {Hossa resigns} 1-0

[Event "ICS Rated blitz match"]
[Site "207.99.83.229"]
[Date "1999.07.15"]
[Round "?"]
[White "Hossa"]
[Black "robbok1"]
[Result "0-1"]
[WhiteElo "2341"]
[BlackElo "2546"]
[PlyCount "105"]
[EventDate "1999.??.??"]

1. d4 Nf6 2. c4 c5 3. d5 b5 4. Nc3 b4 5. Na4 d6 6. Nf3 e5 7. Nd2 Bf5 8. a3 a5
9. f3 Be7 10. e4 Bg6 11. Bd3 Nbd7 12. O-O O-O 13. Qe2 Qc7 14. f4 exf4 15. Nf3
Ne5 16. Nxe5 dxe5 17. axb4 Bh5 18. Qe1 axb4 19. Be2 Bg6 20. Bf3 Nd7 21. Bd2 Qd6
22. Bg4 Nf6 23. Bf3 h6 24. Bxf4 Qd7 25. Bd1 exf4 26. Nb6 Rxa1 27. Nxd7 Nxd7 28.
Qe2 Bf6 29. b3 Re8 30. Qg4 Bd4+ 31. Kh1 Nf6 32. Qxf4 Nxe4 33. g3 Nc3 34. Kg2
Nxd1 35. Kh3 Re5 36. g4 Rb1 37. Rf3 Nc3 38. Kh4 Rxb3 39. d6 Kf8 40. Qg3 Ra3 41.
h3 Ne2 42. d7 Ke7 43. Qg2 Rxf3 44. Qxf3 Be3 45. Qxe2 Bg5+ 46. Kg3 Rxe2 47. h4
Bc1 48. Kf3 Bd3 49. g5 Kxd7 50. g6 fxg6 51. Kg3 b3 52. Kf3 h5 53. Kg3 {
Hossa resigns} 0-1

[Event "ICS rated blitz match"]
[Site "207.99.83.229"]
[Date "1999.07.15"]
[Round "?"]
[White "stinky"]
[Black "Hossa"]
[Result "0-1"]
[WhiteElo "2179"]
[BlackElo "2333"]
[PlyCount "88"]
[EventDate "1999.??.??"]

1. e4 Nf6 2. e5 Nd5 3. d4 d6 4. exd6 Qxd6 5. c4 Nf6 6. Nf3 Nc6 7. Be2 e5 8. d5
Ne7 9. Nc3 c6 10. dxc6 Qxd1+ 11. Bxd1 Nxc6 12. Ba4 Bd6 13. O-O Bg4 14. Nxe5
Bxe5 15. Bxc6+ bxc6 16. Re1 Nd7 17. f4 O-O 18. fxe5 Nb6 19. b3 Rad8 20. Bg5 Rd3
21. Ne4 Rd4 22. h3 Bf5 23. Nd6 Bc2 24. Re2 Bg6 25. Rd2 Rxd2 26. Bxd2 Rd8 27.
Bg5 f6 28. Bf4 fxe5 29. Bxe5 Nd7 30. Bf4 Nc5 31. Bg3 a5 32. Re1 Rd7 33. Re2 h5
34. Nc8 Kh7 35. Ne7 Rd1+ 36. Kh2 Be8 37. Nf5 Bf7 38. Bf2 Nd3 39. Bb6 a4 40. Nd6
axb3 41. axb3 Nc1 42. Rb2 Rxd6 43. Bc7 Rd3 44. Bf4 44... Nxb3 {stinky resigns}
0-1

[Event "ICS rated blitz match"]
[Site "207.99.83.229"]
[Date "1999.07.15"]
[Round "?"]
[White "Hossa"]
[Black "bigvictor"]
[Result "1-0"]
[WhiteElo "2342"]
[BlackElo "2118"]
[PlyCount "87"]
[EventDate "1999.??.??"]

1. d4 Nf6 2. c4 c5 3. d5 b5 4. Nc3 bxc4 5. e4 d6 6. Bxc4 g6 7. Qa4+ Bd7 8. Qb3
Qb6 9. Nge2 Bg7 10. O-O O-O 11. Bg5 h6 12. Bd2 Na6 13. Nf4 Rab8 14. Qxb6 Rxb6
15. Rab1 Rfb8 16. b3 Nb4 17. Rbc1 Ne8 18. a3 Na6 19. Nfe2 Nac7 20. f4 e6 21.
Rfd1 exd5 22. Nxd5 Nxd5 23. Bxd5 Nc7 24. Bc4 Bb2 25. Rb1 Bg7 26. Ba5 R6b7 27.
Bxc7 Rxc7 28. Rxd6 Bg4 29. Ng3 Bd4+ 30. Kh1 Kg7 31. Rf1 h5 32. e5 h4 33. Ne4 a5
34. Nf6 Bf5 35. Ra6 h3 36. g4 Bc2 37. Rc1 Bxb3 38. Bxb3 Rxb3 39. Ne8+ Kf8 40.
Nxc7 Rxa3 41. Ra8+ Ke7 42. Nd5+ Ke6 43. Nf6 Be3 44. Re8# {bigvictor checkmated}
1-0

[Event "ICS rated blitz match"]
[Site "207.99.83.229"]
[Date "1999.07.15"]
[Round "?"]
[White "Besiktas"]
[Black "Hossa"]
[Result "0-1"]
[WhiteElo "2247"]
[BlackElo "2349"]
[PlyCount "48"]
[EventDate "1999.??.??"]

1. d4 d5 2. c4 e6 3. Nf3 Be7 4. Nc3 Nf6 5. Bg5 Nc6 6. e3 O-O 7. Qc2 Nb4 8. Qb1
c5 9. a3 cxd4 10. Nxd4 Nc6 11. cxd5 Nxd4 12. exd4 exd5 13. Bd3 Ng4 14. Be3 f5
15. O-O Qd6 16. g3 Nxe3 17. fxe3 Bg5 18. Qc1 Bd7 19. Nxd5 Rac8 20. Bc4 Be6 21.
e4 Bxc1 22. e5 Qd7 23. Raxc1 Bxd5 24. Bxd5+ 24... Qxd5 {Besiktas resigns} 0-1

[Event "ICS Rated blitz match"]
[Site "207.99.83.229"]
[Date "1999.07.15"]
[Round "?"]
[White "Hossa"]
[Black "egfr"]
[Result "1-0"]
[WhiteElo "2365"]
[BlackElo "2074"]
[PlyCount "59"]
[EventDate "1999.??.??"]

1. d4 Nf6 2. c4 g6 3. Nc3 d5 4. cxd5 Nxd5 5. e4 Nxc3 6. bxc3 Bg7 7. Bc4 O-O 8.
Ne2 c5 9. O-O Nc6 10. Be3 Qc7 11. Bd5 e6 12. Bxc6 bxc6 13. Bf4 Qa5 14. Bd6 Rd8
15. Be7 Rd7 16. Bxc5 Ba6 17. Qc2 Bxe2 18. Qxe2 Qxc3 19. Rab1 Bxd4 20. Bb4 Bxf2+
21. Rxf2 Qd4 22. e5 Rb8 23. Qe1 c5 24. Bd2 Rxb1 25. Qxb1 Qxe5 26. Bf4 Qd4 27.
Qb8+ Rd8 28. Qc7 c4 29. Be5 Qd3 30. Qxf7# {egfr checkmated} 1-0

[Event "ICS rated blitz match"]
[Site "207.99.83.229"]
[Date "1999.07.15"]
[Round "?"]
[White "Amateur"]
[Black "Hossa"]
[Result "1-0"]
[WhiteElo "2488"]
[BlackElo "2370"]
[PlyCount "129"]
[EventDate "1999.??.??"]

1. e4 Nf6 2. e5 Nd5 3. d4 d6 4. Nf3 Bg4 5. exd6 Qxd6 6. c4 Qe6+ 7. Be2 Bxf3 8.
gxf3 Nb6 9. Nc3 N8d7 10. Nb5 Rc8 11. Nxa7 Rd8 12. Nb5 Na8 13. Bf4 c5 14. d5 Qf6
15. Qc1 Ne5 16. Rg1 Rd7 17. Rg5 Ng6 18. Bg3 e6 19. Rh5 Nb6 20. Qc3 Qxc3+ 21.
Nxc3 Be7 22. O-O-O Bf6 23. Ne4 exd5 24. cxd5 c4 25. Nxf6+ gxf6 26. d6 O-O 27.
Rb5 Nc8 28. Bxc4 b6 29. Rbd5 Na7 30. Ba6 Nc6 31. Rb5 Rb8 32. Rb3 Rdd8 33. Rd5
Nce5 34. Rd4 Kh8 35. h4 Nf8 36. Rd1 Nfd7 37. f4 Nc6 38. Bb5 Rbc8 39. Rc3 Na7
40. Bc4 Nc5 41. f3 Rd7 42. f5 Re8 43. Bf1 Rdd8 44. Bc4 Rd7 45. Rc2 Re3 46. Be2
Re8 47. Bf4 Nb7 48. h5 Nc5 49. h6 Rdd8 50. Bg3 Re3 51. Bf4 Ree8 52. Bc4 Rd7 53.
Bd5 Na6 54. a3 Nc5 55. b4 Na6 56. b5 Nc5 57. Bc6 Red8 58. Rd5 Nxc6 59. bxc6 Ra7
60. c7 Rc8 61. Rcxc5 Raa8 62. d7 Rf8 63. d8=Q Rb8 64. cxb8=Q Rxd8 65. Qxd8# {
Hossa checkmated} 1-0

[Event "ICS Rated blitz match"]
[Site "207.99.83.229"]
[Date "1999.07.15"]
[Round "?"]
[White "Expertnet"]
[Black "Hossa"]
[Result "1-0"]
[WhiteElo "2198"]
[BlackElo "2361"]
[PlyCount "72"]
[EventDate "1999.??.??"]

1. d4 d5 2. c4 e6 3. Nc3 Nf6 4. Bg5 Be7 5. e3 Nbd7 6. Nf3 c6 7. Rc1 O-O 8. Bd3
dxc4 9. Bxc4 Qb6 10. Bb3 Qa6 11. h4 Rd8 12. h5 h6 13. Bh4 e5 14. g4 exd4 15.
exd4 Nc5 16. g5 Nd3+ 17. Kd2 Nxc1 18. Kxc1 Nd5 19. gxh6 Nxc3 20. bxc3 Qa3+ 21.
Kb1 Bf5+ 22. Ka1 gxh6 23. Ne5 Bxh4 24. Rxh4 Be6 25. Bxe6 Qxc3+ 26. Kb1 fxe6 27.
Qg4+ Kf8 28. Qf4+ Ke7 29. Ng6+ Kd7 30. Qf7+ Kd6 31. Qe7+ Kd5 32. Nf4+ Kxd4 33.
Ne2+ Kd3 34. Nxc3 Rd4 35. Qh7+ Kc4 36. Rxd4+ 36... Kxd4 {Hossa resigns} 1-0

[Event "ICS Rated blitz match"]
[Site "207.99.83.229"]
[Date "1999.07.15"]
[Round "?"]
[White "Hossa"]
[Black "postalex"]
[Result "0-1"]
[WhiteElo "2346"]
[BlackElo "2070"]
[PlyCount "60"]
[EventDate "1999.??.??"]

1. d4 d5 2. c4 e6 3. Nc3 c5 4. cxd5 cxd4 5. Qa4+ Bd7 6. Qxd4 exd5 7. Qxd5 Nc6
8. e4 Nf6 9. Qg5 h6 10. Qg3 Nb4 11. Bd3 Bc6 12. Bb1 Bd6 13. e5 Qe7 14. f4 Bc5
15. Nge2 Nfd5 16. Qxg7 O-O-O 17. Qg4+ Kb8 18. Qh3 Rhg8 19. Nxd5 Rxd5 20. Rf1
Qd8 21. Nc3 Nd3+ 22. Bxd3 Rxd3 23. g3 Qd4 24. Qxh6 Rxc3 25. Qf6 Re3+ 26. Kf2
Rexg3+ 27. Ke1 Re3+ 28. Bxe3 Qxe3+ 29. Kd1 Qd3+ 30. Kc1 30... Be3# {
Hossa checkmated} 0-1

[Event "ICS rated blitz match"]
[Site "207.99.83.229"]
[Date "1999.07.15"]
[Round "?"]
[White "Hossa"]
[Black "mcchess"]
[Result "1-0"]
[WhiteElo "2319"]
[BlackElo "2256"]
[PlyCount "79"]
[EventDate "1999.??.??"]

1. d4 d6 2. c4 e5 3. d5 f5 4. Nc3 Nf6 5. Nf3 g6 6. Qa4+ Bd7 7. Qb3 b6 8. Bg5
Na6 9. Qa3 Nb8 10. O-O-O Bg7 11. e3 O-O 12. Nd2 a5 13. f4 Qe8 14. fxe5 Qxe5 15.
Bd3 Na6 16. Nf3 Qe7 17. Bb1 Nc5 18. Rde1 h6 19. Bf4 g5 20. Nxg5 hxg5 21. Bxg5
Qe5 22. Bf4 Qe8 23. Ref1 Nfe4 24. Rf3 Qg6 25. Rg1 Rf7 26. Nxe4 fxe4 27. Rg3 Qf6
28. Rh1 Na4 29. Bxe4 Kf8 30. Rf1 Qxb2+ 31. Qxb2 Bxb2+ 32. Kc2 Bg7 33. Bg6 Rf6
34. Bh7 Nc5 35. Bxd6+ cxd6 36. Rxf6+ Bxf6 37. Rg8+ Kf7 38. Rxa8 a4 39. Rb8 Be5
40. g3 {mcchess resigns} 1-0

[Event "ICS rated blitz match"]
[Site "207.99.83.229"]
[Date "1999.07.15"]
[Round "?"]
[White "capivara"]
[Black "Hossa"]
[Result "0-1"]
[WhiteElo "2028"]
[BlackElo "2324"]
[PlyCount "38"]
[EventDate "1999.??.??"]

1. e4 Nf6 2. Nc3 d5 3. exd5 g6 4. Nf3 Bg7 5. Bc4 Nbd7 6. O-O O-O 7. d4 Nb6 8.
Bb3 Nbxd5 9. Nxd5 Nxd5 10. c4 Nb4 11. h3 Bf5 12. a3 Nd3 13. Bc2 Bxd4 14. Nxd4
Qxd4 15. Bh6 Rfd8 16. Bxd3 Bxd3 17. Re1 Qxb2 18. Rxe7 Qf6 19. Rxc7 19... g5 {
capivara resigns} 0-1

[Event "ICS rated blitz match"]
[Site "207.99.83.229"]
[Date "1999.07.15"]
[Round "?"]
[White "Hossa"]
[Black "Amateur"]
[Result "0-1"]
[WhiteElo "2329"]
[BlackElo "2535"]
[PlyCount "73"]
[EventDate "1999.??.??"]

1. d4 Nf6 2. c4 e6 3. Nc3 d5 4. cxd5 exd5 5. Nf3 Bb4 6. Qa4+ Nc6 7. Bg5 Qd6 8.
Bxf6 Qxf6 9. O-O-O Bxc3 10. bxc3 Bf5 11. e3 O-O 12. Nd2 Rfb8 13. c4 Be6 14. f3
a5 15. Qb5 Qg6 16. Qb1 Bf5 17. e4 dxe4 18. fxe4 Bg4 19. Nf3 Qh6+ 20. Rd2 Bxf3
21. gxf3 Nxd4 22. Bg2 Qf4 23. Qb2 c5 24. Qa3 b5 25. Qxc5 Rd8 26. Rhd1 bxc4 27.
Kb1 Rab8+ 28. Rb2 Qxh2 29. Qxa5 Rxb2+ 30. Kxb2 Qxg2+ 31. Rd2 c3+ 32. Kxc3 Qxd2+
33. Kxd2 Nb3+ 34. Kc3 Nxa5 35. f4 h5 36. Kb4 Ra8 37. e5 {Hossa resigns} 0-1

[Event "ICS rated blitz match"]
[Site "207.99.83.229"]
[Date "1999.07.15"]
[Round "?"]
[White "Hossa"]
[Black "mcchess"]
[Result "1-0"]
[WhiteElo "2329"]
[BlackElo "2128"]
[PlyCount "73"]
[EventDate "1999.??.??"]

1. d4 Nf6 2. c4 c5 3. d5 b5 4. Nc3 b4 5. Na4 d6 6. Nf3 g6 7. a3 a5 8. Bf4 Bg7
9. axb4 axb4 10. Nxc5 Rxa1 11. Qxa1 dxc5 12. Bxb8 O-O 13. Be5 Bg4 14. b3 Nh5
15. Bxg7 Nxg7 16. Nd2 e6 17. e4 exd5 18. cxd5 Re8 19. Bb5 Bd7 20. Bxd7 Qxd7 21.
O-O f5 22. f3 Qd6 23. Qc1 fxe4 24. fxe4 Rc8 25. Qb2 Nh5 26. Nc4 Qe7 27. Qf2 g5
28. Qf5 Re8 29. Nd6 Ra8 30. Nc8 Qg7 31. Qe6+ Kh8 32. Qe8+ Qg8 33. Rf8 Nf6 34.
Rxg8+ Nxg8 35. Qe5+ Nf6 36. Qxf6+ Kg8 37. Ne7# {mcchess checkmated} 1-0

[Event "ICS rated blitz match"]
[Site "207.99.83.229"]
[Date "1999.07.15"]
[Round "?"]
[White "MissSilicon"]
[Black "Hossa"]
[Result "1-0"]
[WhiteElo "2567"]
[BlackElo "2333"]
[PlyCount "149"]
[EventDate "1999.??.??"]

1. d4 d5 2. c4 e6 3. Nc3 Nf6 4. Bg5 Be7 5. e3 Nbd7 6. Nf3 c6 7. cxd5 exd5 8.
Bd3 O-O 9. O-O Re8 10. Qc2 Nf8 11. Ne5 Ng4 12. Bxe7 Qxe7 13. Nf3 Be6 14. h3 Nf6
15. Ng5 h6 16. Nxe6 Nxe6 17. Rfe1 Qd7 18. f4 Re7 19. Re2 Rae8 20. Bf5 Rd8 21.
Rd1 Qd6 22. Bd3 Rf8 23. Rdd2 a6 24. Bf5 a5 25. Rf2 Rfe8 26. Rfe2 Nf8 27. Kf2 b6
28. g3 h5 29. Qd1 h4 30. gxh4 b5 31. a3 b4 32. axb4 axb4 33. Na2 Ne4+ 34. Bxe4
Rxe4 35. h5 Nd7 36. Rd3 Qe7 37. Qd2 Ra8 38. Nxb4 Qh4+ 39. Kg2 Qxh5 40. Kh2 Rc8
41. Rg2 Qh6 42. Rc3 Qd6 43. Rc2 Qe6 44. Rg3 Nf6 45. Qc1 c5 46. Nd3 Nh5 47. Rf3
Qf5 48. Rxc5 Ree8 49. Ne5 Rb8 50. Rc7 Qe4 51. Kg2 f6 52. Nd7 Rb3 53. Rc3 Rb4
54. Qc2 Qe7 55. Nc5 Qf7 56. Nd3 Rbb8 57. Rc7 Qe6 58. Nc5 Qd6 59. Rd7 Qf8 60.
Rxd5 Qf7 61. Rd7 Qa2 62. Nb7 Qe6 63. Qa4 Rec8 64. f5 Qe4 65. Qa2+ Kh8 66. Nc5
Qh4 67. b3 Qe1 68. Qf2 Qd1 69. Qh4 g6 70. Rf1 Qe2+ 71. Rf2 g5 72. Qe4 Qe1 73.
Qe7 Nf4+ 74. Rxf4 g4 75. Qg7# {Hossa checkmated} 1-0

[Event "ICS rated blitz match"]
[Site "207.99.83.229"]
[Date "1999.07.15"]
[Round "?"]
[White "Hossa"]
[Black "MateWithYou2"]
[Result "1-0"]
[WhiteElo "2326"]
[BlackElo "2020"]
[PlyCount "69"]
[EventDate "1999.??.??"]

1. d4 d5 2. c4 c6 3. Nc3 dxc4 4. e3 b5 5. Be2 Nf6 6. Nf3 e6 7. O-O Bb7 8. a4 a6
9. Ng5 h6 10. Nge4 Nxe4 11. Nxe4 Nd7 12. Nc3 Be7 13. e4 O-O 14. axb5 cxb5 15.
Bf3 Nb6 16. Be3 b4 17. Ne2 Rc8 18. Qd2 Qc7 19. Bf4 Bd6 20. Bxd6 Qxd6 21. e5 Qe7
22. Bxb7 Qxb7 23. Qxb4 Rfd8 24. Ra2 Rd5 25. f4 Rb5 26. Qd2 Nd5 27. f5 exf5 28.
Nc3 Rb3 29. Na4 Rd3 30. Qf2 Ne3 31. Re1 Ng4 32. Qxf5 Rxd4 33. h3 Qb3 34. Qxc8+
Kh7 35. Ra3 {MateWithYou2 resigns} 1-0

[Event "ICS rated blitz match"]
[Site "207.99.83.229"]
[Date "1999.07.15"]
[Round "?"]
[White "Amateur"]
[Black "Hossa"]
[Result "1-0"]
[WhiteElo "2542"]
[BlackElo "2334"]
[PlyCount "56"]
[EventDate "1999.??.??"]

1. Nf3 e6 2. c4 Nf6 3. g3 d5 4. Bg2 dxc4 5. O-O Bd6 6. Qa4+ Nbd7 7. Na3 Bxa3 8.
bxa3 O-O 9. Qxc4 e5 10. Bb2 Re8 11. Rac1 c5 12. Ng5 Re7 13. Rc3 Qb6 14. Rb1 Qd6
15. Rd3 Qc7 16. Rc1 Rb8 17. Qh4 Re8 18. Bd5 Rf8 19. Bxf7+ Rxf7 20. Qc4 Nb6 21.
Bxe5 Nxc4 22. Bxc7 Bg4 23. Bxb8 Rf8 24. f3 Bf5 25. e4 Bd7 26. Bxa7 Ne5 27. Rd6
Ne8 28. Rd5 28... Nf7 {Hossa resigns} 1-0

[Event "ICS Rated blitz match"]
[Site "207.99.83.229"]
[Date "1999.07.15"]
[Round "?"]
[White "Hossa"]
[Black "DiepX"]
[Result "0-1"]
[WhiteElo "2327"]
[BlackElo "2593"]
[PlyCount "45"]
[EventDate "1999.??.??"]

1. d4 d5 2. c4 e5 3. cxd5 Qxd5 4. dxe5 Qxe5 5. Nf3 Bb4+ 6. Nbd2 Qa5 7. e4 Bg4
8. Bd3 Bxf3 9. Qxf3 Nc6 10. Qe2 Ne5 11. Bb1 O-O-O 12. a3 Nf6 13. Ra2 Qc5 14.
O-O Bxd2 15. Bxd2 Qc4 16. Qe3 Nfg4 17. Qxa7 Nc6 18. Qa8+ Kd7 19. Qxb7 Rb8 20.
Qxb8 Nd4 21. Bd3 Qxd3 22. Qxc7+ Kxc7 23. Ba5+ {Hossa resigns} 0-1

[Event "ICS rated blitz match"]
[Site "207.99.83.229"]
[Date "1999.07.15"]
[Round "?"]
[White "DiepX"]
[Black "Hossa"]
[Result "1-0"]
[WhiteElo "2599"]
[BlackElo "2321"]
[PlyCount "46"]
[EventDate "1999.??.??"]

1. e4 Nf6 2. e5 Nd5 3. d4 d6 4. Nf3 dxe5 5. Nxe5 Bf5 6. g4 Be4 7. f3 Bg6 8. h4
Nb4 9. Na3 f6 10. Nxg6 hxg6 11. c3 Nd5 12. Qc2 g5 13. Qg6+ Kd7 14. h5 e5 15.
Qf5+ Kc6 16. Qe6+ Qd6 17. Qe8+ Nd7 18. Bb5+ Kb6 19. Nc4+ Kxb5 20. Nxd6+ cxd6
21. Qxd7+ Kb6 22. dxe5 Be7 23. exf6 23... Rhe8 {Hossa resigns} 1-0

[Event "ICS Rated blitz match"]
[Site "207.99.83.229"]
[Date "1999.07.15"]
[Round "?"]
[White "MissSilicon"]
[Black "Hossa"]
[Result "1-0"]
[WhiteElo "2585"]
[BlackElo "2343"]
[PlyCount "147"]
[EventDate "1999.??.??"]

1. e4 Nf6 2. e5 Nd5 3. d4 d6 4. c4 Nb6 5. exd6 Qxd6 6. Nc3 Nc6 7. c5 Qe6+ 8.
Nge2 Nd5 9. Be3 Ncb4 10. a3 Nxe3 11. fxe3 Nd5 12. Nxd5 Qxd5 13. Nc3 Qg5 14. Qf3
Qh4+ 15. g3 Qf6 16. Qxf6 exf6 17. Nd5 Kd8 18. Bd3 c6 19. Nf4 Kc7 20. Bc4 g5 21.
Nh5 Be7 22. O-O Bh3 23. Rf2 f5 24. Bxf7 Raf8 25. Bc4 h6 26. Ng7 f4 27. gxf4
gxf4 28. Rf3 Bf6 29. Rxh3 Bxg7 30. Kf2 fxe3+ 31. Kxe3 Rd8 32. Rh4 Rhe8+ 33. Kd3
Bf6 34. Rg4 Be5 35. Re1 Bxh2 36. Rh1 Be5 37. Rxh6 Re7 38. Re4 a5 39. b4 axb4
40. axb4 Kb8 41. Re6 Rxe6 42. Bxe6 Bf6 43. Rf4 Be5 44. Rg4 Kc7 45. Kc4 Bh8 46.
Rf4 Kb8 47. d5 cxd5+ 48. Bxd5 Rc8 49. Rh4 Bg7 50. Re4 Bf6 51. Re6 Bd8 52. Be4
Kc7 53. Rg6 Kb8 54. Bf5 Rc6 55. Rg8 Kc7 56. b5 Rxc5+ 57. Kxc5 Be7+ 58. Kd5 Kb6
59. Kc4 Ka7 60. Be4 Bf6 61. Rg6 Be5 62. b6+ Ka6 63. Bd3 Ka5 64. Rg5 Kxb6 65.
Rxe5 Kc6 66. Re6+ Kd7 67. Bf5 b6 68. Rxb6+ Kd8 69. Re6 Kd7 70. Kc5 Kc7 71. Re8
Kb7 72. Re7+ Kb8 73. Kb6 Ka8 74. Re8# {Hossa checkmated} 1-0

[Event "ICS Rated blitz match"]
[Site "207.99.83.229"]
[Date "1999.07.15"]
[Round "?"]
[White "Hossa"]
[Black "DiepX"]
[Result "0-1"]
[WhiteElo "2337"]
[BlackElo "2577"]
[PlyCount "87"]
[EventDate "1999.??.??"]

1. d4 d5 2. c4 e5 3. cxd5 Qxd5 4. e3 Nc6 5. Nc3 Bb4 6. Nge2 Nf6 7. Bd2 Qd6 8.
Nb5 Qe7 9. dxe5 Qxe5 10. Nbd4 Nxd4 11. Bxb4 Nxe2 12. Qxe2 c6 13. Rd1 Bg4 14. f3
Be6 15. Qd3 Nd5 16. Bc5 Qxb2 17. a3 Qc3+ 18. Qxc3 Nxc3 19. Rd2 Na4 20. Bb4 a5
21. Bd6 O-O-O 22. Rd4 b5 23. Be2 Nc3 24. Bf1 Bd5 25. Bf4 c5 26. Rd2 Rhe8 27.
Rc2 b4 28. Kf2 Kb7 29. axb4 cxb4 30. Rd2 Be6 31. Rd4 Rxd4 32. exd4 Rd8 33. Be3
b3 34. Bd3 a4 35. Rc1 Nd5 36. Ra1 Bd7 37. Bg5 Rc8 38. Be4 Bc6 39. Bxd5 Bxd5 40.
Rxa4 Rc2+ 41. Kg3 b2 42. Rb4+ Kc6 43. Bf4 Ba2 44. Be5 {Hossa resigns} 0-1

[Event "ICS Rated blitz match"]
[Site "207.99.83.229"]
[Date "1999.07.15"]
[Round "?"]
[White "DiepX"]
[Black "Hossa"]
[Result "1-0"]
[WhiteElo "2583"]
[BlackElo "2331"]
[PlyCount "71"]
[EventDate "1999.??.??"]

1. e4 Nf6 2. d3 g6 3. e5 Nd5 4. c4 Nb4 5. Nc3 Bg7 6. d4 c5 7. dxc5 Bxe5 8. Bd2
N4a6 9. Nf3 Bg7 10. Rc1 Nxc5 11. b4 Ne6 12. h4 O-O 13. h5 Nc6 14. Nd5 a5 15. h6
Bh8 16. b5 Ne5 17. c5 Nxf3+ 18. Qxf3 Bb2 19. Rc4 Re8 20. Bc3 Bxc3+ 21. Qxc3 a4
22. b6 f6 23. Re4 a3 24. Bb5 Ng5 25. Re3 Ne6 26. O-O Rf8 27. Rd1 Kh8 28. Rxe6
dxe6 29. Ne3 Bd7 30. Rxd7 Qe8 31. Qb4 Qf7 32. Rxb7 e5 33. c6 Rfe8 34. c7 Rf8
35. Bd7 e4 36. Ra7 {Hossa resigns} 1-0

[Event "ICS Rated blitz match"]
[Site "207.99.83.229"]
[Date "1999.07.15"]
[Round "?"]
[White "Hossa"]
[Black "DiepX"]
[Result "0-1"]
[WhiteElo "2325"]
[BlackElo "2589"]
[PlyCount "96"]
[EventDate "1999.??.??"]

1. d4 d5 2. c4 c6 3. Nc3 Nf6 4. cxd5 cxd5 5. f3 Nc6 6. e4 e6 7. e5 Nd7 8. Be3
Nb6 9. Rc1 Be7 10. Bb5 a6 11. Bd3 Nb4 12. Nge2 Nxd3+ 13. Qxd3 Nc4 14. Rc2 Bd7
15. O-O Rc8 16. Rfc1 O-O 17. Bf4 f6 18. exf6 Bxf6 19. Be3 Be8 20. Nf4 Bg5 21.
Nce2 Qd6 22. b3 Bg6 23. Nxg6 Bxe3+ 24. Kh1 hxg6 25. Rd1 Bxd4 26. Qxd4 Nb6 27.
Nc3 e5 28. Qg4 Qc6 29. Rdc1 Rce8 30. Ne2 Qe6 31. Qb4 d4 32. Rc5 g5 33. Qd2 g4
34. f4 exf4 35. Nxd4 Qe4 36. Rd1 Rd8 37. Rc3 Nd5 38. Re1 Ne3 39. Rd3 Rf7 40.
Qe2 Rxd4 41. Rc3 Rf8 42. Rc4 f3 43. gxf3 gxf3 44. Qf2 Rxc4 45. bxc4 Ng4 46. Qg1
Qc6 47. Rf1 f2+ 48. Qg2 48... Qxg2+ {Hossa resigns} 0-1